000 03015cam a2200685 4500
008 #DATE n2003 000 0 eng u
020 _a1859461301
035 _a(Sirsi) u122553
041 _aeng
050 _a692.8
_c18
100 _aCox, Stanley
245 _aWhich contract
_bchoosing the appropriate building contract
250 _a3rd ed.
260 _aLondon
_bRIBA Enterprises
_c2003
300 _a328p.
_c25cm.
350 _a40
520 _aThird edition of this guide to identifying the most appropriate procurement strategies and building contracts for a project. The text has been revised and updated to take into account the latest editions of the industry standard forms as well as new contracts including the JCT Major Project Form 2003, consumer contracts, partnering agreements and the JCT Construction Management Agreement 2002.
520 _aSupersedes second edition (ISBN 1859460429).
520 _aSuperseded by fourth edition (ISBN 9781859462379).
650 _aBUILT ENVIRONMENT-BUILDING CONTRACT FORMS
650 _aC/CM 2002
650 _aTC/C 2002
650 _aBUILT ENVIRONMENT-BUILDING CONTRACT FORMS-STANDARD FORMS OF BUILDING CONTRACT-GC/WORKS CONTRACTS
650 _aGC/WORKS/1 WITH QUANTITIES 1998
650 _aGC/WORKS/2 1998
650 _aGC/WORKS/4 1998
650 _aHG(A) 2002
650 _aHO/B 1999
650 _aHO/C 2001
650 _aHO/RM 2002
650 _aICE CONDITIONS OF CONTRACT MEASUREMENT VERSION 7TH ED
650 _aICE CONDITIONS OF CONTRACT FOR MINOR WORKS 3RD ED
650 _aBUILT ENVIRONMENT-BUILDING CONTRACT FORMS-STANDARD FORMS OF BUILDING CONTRACT-INSTITUTION OF CIVIL ENGINEERS CONTRACTS
650 _aJCT INTERMEDIATE FORM OF BUILDING CONTRACT FOR WORKS OF SIMPLE CONTENT (1998 EDITION)
650 _aJCLI AGREEMENT FOR LANDSCAPE WORKS
650 _aJCT STANDARD FORM OF BUILDING CONTRACT (1998 EDITION)
650 _aJCT 1998 WITH APPROXIMATE QUANTITIES
650 _aJCT CDPS
650 _aBUILT ENVIRONMENT-BUILDING CONTRACT FORMS-STANDARD FORMS OF BUILDING CONTRACT-JOINT CONTRACTS TRIBNUAL CONTRACTS
650 _aJCT MAJOR PROJECT FORM (2003 EDITION)
650 _aJCT NON-BINDING PARTNERING CHARTER FOR SINGLE PROJECT 2001 EDITION
650 _aJCT STANDARD FORM OF BUILDING CONTRACT WITH CONTRACTORS DESIGN (1998 EDITION)
650 _aMTC 1998
650 _aJCT AGREEMENT FOR MINOR BUILDING WORKS (1998 EDITION)
650 _aNEC ENGINEERING AND CONSTRUCTION SHORT CONTRACT
650 _aNEC PARTNERING OPTION X12 1ST ED
650 _aPCC 1998
650 _aPPC 2000
650 _aSBCC CONTRACTS
650 _aWKS/1 1998
650 _aWKS/2 1998
650 _aWKS/3 1998
650 _aACA AGREEMENTS
650 _aACA FORM OF BUILDING AGREEMENT 1982 (3RD ED 1998, 2000 REVISION)
650 _aASI CONTRACTS
650 _aASI MINI FORM OF CONTRACT 1998
690 _aBUILT ENVIRONMENT-BUILDING CONTRACT FORMS
700 _aClamp, Hugh
942 _n0
999 _c102882
_d102882